000 00949nam a2200313Ia 4500
001 Para_6413
003 CHAP
008 220125s1984 xx 000 0 und d
010 _a205153
040 _cCHAP
090 _aPA FOLLETO 426
100 _aObiamiwe, B.H.
_9171135
245 _aOctomyomernis muspratti /
_c by B.H. Obiamiwe y W. W. Macdonald
260 _aToluca, Méx. :
_b UAEM :
_b OMS
300 _a10 p.
440 _aSerie ecología; 12
_9171136
500 _aInformación técnica sobre el agente de control biológico
650 _aNemátodos parásitos
_980826
700 _aMacDonald, W.W.
_9171137
710 _aOrganización Mundial de la Salud
_983555
710 _aUniversidad Autónoma del Estado de México
_9116362
901 _aPA FOLLETO 426
902 _aA
905 _a0000001984 0000000000 00
910 _a1984
942 _cPARA
942 _cPARA
_d1
999 _c205153
_d205153